000
00437nam a2200145Ia 4500
008
100204s9999 xx 000 0 und d
082
_b
16775
100
_a
कुलकर्णी श्यामकुमार
245
_a
कैफियत
260
_b
"शब्दांगण प्रकाशन , ठाणे"
_c
1993
300
_a
64
630
_a
कैफियत
730
_a
कैफियत
942
_c
BOOK
999
_c
461198
_d
461195